| 000 | 00436nam a2200169Ia 4500 | ||
|---|---|---|---|
| 008 | 230718s9999 xx 000 0 und d | ||
| 020 | _a9781408850251 | ||
| 041 | _aeng | ||
| 082 |
_a813.6 _bHOS |
||
| 100 |
_aHosseini K. _9106958 |
||
| 245 | _aThe Kite Runner | ||
| 260 |
_c2013 _bBloomsbury |
||
| 300 | _a243 | ||
| 365 |
_cRs. _b499.00 |
||
| 700 |
_aHosseini K. _9106958 |
||
| 906 |
_dO:0586831-Jan-2018B:411323-Jan-2018 _cGENRL _b125 |
||
| 999 |
_c346907 _d346907 |
||